[Event "Alba Adriatica op 2nd"]
[Site "Alba Adriatica"]
[Date "2009.06.02"]
[Round "5"]
[White "Lantini, Marco"]
[Black "Luigini, Ottavio"]
[Result "0-1"]
[WhiteElo "2204"]
[BlackElo "2055"]
[PlyCount "100"]
[EventDate "2009.05.30"]
[EventType "swiss"]
[EventRounds "6"]
[EventCountry "ITA"]
[SourceTitle "EXT 2010"]
[Source "ChessBase"]
[SourceDate "2010.11.25"]
[SourceVersion "1"]
[SourceVersionDate "2010.11.25"]
[SourceQuality "1"]

1. d4 Nf6 2. c4 g6 3. Nc3 d5 4. cxd5 Nxd5 5. Bd2 Bg7 6. e4 Nxc3 7. Bxc3 0-0 8. Qd2 Nd7 9. Nf3 c6 10. Bd3 e5 11. Nxe5 Nxe5 12. dxe5 Qc7 13. f4 Rd8 14. Qe3 b6 15. 0-0 a5 16. Rad1 Bf8 17. Qg3 b5 18. b3 b4 19. Bb2 Rxd3 20. Qxd3 Ba6 21. Qd4 Bxf1 22. Kxf1 Qa7 23. Qxa7 Rxa7 24. Rd8 c5 25. f5 c4 26. bxc4 a4 27. Bc1 h6 28. Bxh6 b3 29. Bxf8 bxa2 30. Ba3+ Kh7 31. Rd1 Rb7 32. e6 Rb1 33. exf7 Rxd1+ 34. Ke2 a1Q 35. f8Q Re1+ 36. Kf2 Rf1+ 37. Kg3 Qe1+ 38. Kh3 Qe3+ 39. g3 Qh6+ 40. Kg2 Qxf8 41. Bxf8 Rc1 42. f6 Kg8 43. Bd6 Rxc4 44. e5 Kf7 45. Kf2 Rc3 46. Ke2 a3 47. Kd2 a2 48. Kxc3 a1Q+ 49. Kb4 Qb2+ 50. Kc5 Qxh2 0-1